Wittgenstein el vienés errante : (Record no. 110036)

MARC details
000 -LEADER
fixed length control field 00696nam a22002057a 4500
005 - DATE AND TIME OF LATEST TRANSACTION
control field 20151201113303.0
008 - FIXED-LENGTH DATA ELEMENTS--GENERAL INFORMATION
fixed length control field 151201b mxu||||| |||| 00| 0 spa d
020 ## - INTERNATIONAL STANDARD BOOK NUMBER
International Standard Book Number 9789706333728
050 #4 - LIBRARY OF CONGRESS CALL NUMBER
Classification number B 3376.W564
Item number A94 2009
100 1# - MAIN ENTRY--PERSONAL NAME
Personal name Ayestarán, Ignacio
245 ## - TITLE STATEMENT
Title Wittgenstein el vienés errante :
Remainder of title la filosofía entre la ciencia y el nazismo /
250 ## - EDITION STATEMENT
Edition statement 1a ed.
260 ## - PUBLICATION, DISTRIBUTION, ETC. (IMPRINT)
Place of publication, distribution, etc México D.F. :
Name of publisher, distributor, etc Coyoaćan,
Date of publication, distribution, etc 2009.
300 ## - PHYSICAL DESCRIPTION
Extent 317 p. :
Other physical details il. ;
Dimensions 21 cm.
490 #0 - SERIES STATEMENT
Series statement Filosofía y cultura contemporánea,
Volume number/sequential designation no. 39.
504 ## - BIBLIOGRAPHY, ETC. NOTE
Bibliography, etc bibliografía p. 305-317 e índice
600 14 - SUBJECT ADDED ENTRY--PERSONAL NAME
Personal name Wittgenstein, Ludwig,
Dates associated with a name 1889-1951
General subdivision Crítica e interpretación
650 ## - SUBJECT ADDED ENTRY--TOPICAL TERM
Topical term or geographic name as entry element
942 ## - ADDED ENTRY ELEMENTS (KOHA)
Source of classification or shelving scheme Biblioteca del Cogreso de los Estados Unidos
Koha item type Libro
Holdings
Estado de pérdida Fuente de clasificación Estado del daño No para préstamo Ubicación permanente Ubicación actual Apartado o colección Fecha de adquisición Fuente de adquisición Edición Dependencia de educación superior (DES) Área del conocimiento Clasificación Código de Barras Date last seen Número de copia Tipo de recurso
  Biblioteca del Cogreso de los Estados Unidos     Biblioteca de la Facultad de Filosofía Biblioteca de la Facultad de Filosofía General 01/12/2015 Unidad Académica Genérico 1a ed. Humanidades Educación y Humanidades B 3376.W564 A94 2009 BFF000014336 01/12/2015 C:1 Libro
  Biblioteca del Cogreso de los Estados Unidos     Biblioteca de la Facultad de Filosofía Biblioteca de la Facultad de Filosofía General 01/12/2015 Unidad Académica Genérico 1a ed. Humanidades Educación y Humanidades B 3376.W564 A94 2009 BFF000014337 01/12/2015 C:2 Libro